000 00441nam a22001817a 4500
003 MPLRDC
005 20220104124628.0
008 210129b ||||| |||| 00| 0 eng d
020 _a7-80552-068-2
082 _a690 WFQ
100 _a吴芬清编著
245 _a湖南旅游大全
_c
250 _a一版一刷
260 _a
_b湖南地图出版社
_c1991
300 _b
650 _a中国游记--湖南
942 _cBK
_o690 WFQ
999 _c20865
_d20855